00746nam a2200193 i 450000100060000000300090000600500170001500700030003200800410003510000510007624501290012726000610025630000290031770000210034670000280036785200200039599900170041595201200043272772ES-MaACL20230906171543.0t|040902s1999 sp ||||1| spa d1 aGoethe, Johann Wolfgang von,d1749-183295756810aLetrres choisíes, 1765-1832 / cJohann Wolgany von Goethe ; traduites par A. Fauta ; avec une préface de Arthur Chuques. a[S.l. : bs.n., c1912] (eCoulommiers : fPaul Brodard) aXXXIV, 415 p. ; c18 cm.1 aFauta, A.9489841 aChuquet, Arthur.938702 aES-MaACLjG-221 c72772d72772 00104070aATENEOMbATENEOMcDEPO2d2008-01-17eSCl0oG-221p1076179r2023-02-23 00:00:00w2023-02-23yMONOGRAFIA